000 00957nam a2200253 a 4500
001 59842
003 BD-RjUL
005 20211209080756.0
008 161227s1963 bg ||||| |||| 00| 0 ben d
020 _c: TK 0.50
035 _a(BD-RjUL)59966
040 _aBD-RjUL
_bben
_cBD-RjUL
041 _aben
082 _223
_a338.9
_bGAB 1963
100 _aগ্যালব্রেথ, জন কে.
_9178074
245 1 0 _aবৈষয়িক উন্নয়নের গতিপথে /
_cজন কে. গ্যালব্রেথ
250 _a১ম সং.
260 _aঢাকা :
_bস্টুডেন্ট ওয়েজ,
_c১৯৬৩
300 _a৭২ পৃ. ;
_c১৯ সেমি.
650 _aঅর্থনীতিক উন্নয়ন
_9178075
650 _aEconomic Development
_9170469
700 _aশাইখ, আসকার ইবনে, অনুবাদ
_9178076
942 _2ddc
_cBK
999 _c59842
_d59842